| 000 | 01095naa a22003137a 4500 | ||
|---|---|---|---|
| 001 | BR8302696 | ||
| 003 | BR-BrBNA | ||
| 005 | 20240918175257.0 | ||
| 007 | ta | ||
| 008 | 230509b bl.||||| |||| 00| 0 por d | ||
| 040 |
_aBR-BrBNA _bpor _cBiblioteca Nacional de Agricultura |
||
| 041 | _a(Pt) | ||
| 072 |
_aE10; E15 _b/G514 |
||
| 090 | _aE10 BR8302696 | ||
| 100 | 1 | _aDall'Acqua, F.M. | |
| 100 | 1 | _aBlumenschein, F.N. | |
| 111 | 1 |
_a21. Congresso Brasileiro de Economia e Sociologia Rural _cBrasilia, DF (Brazil) _d25-28 Jul 1983 |
|
| 245 | 1 | _aAgricultura, liquidez e recessao [politica economica, Brasil] | |
| 260 | 3 |
_aBrasilia, DF (Brasil): _c1983. |
|
| 500 | _aAgricultura: saida para a crise? Brasilia, DF (Brasil): 1983. p. 181-221 (BR8302696-AM)E10 | ||
| 650 | _aPOLITICA AGRICOLA | ||
| 650 | _aPOLITICA ECONOMICA | ||
| 650 | _aCREDITO RURAL | ||
| 650 | _aINVESTIMENTO | ||
| 650 | _aCUSTO DE PRODUCAO | ||
| 773 | 0 |
_tAgricultura: saida para a crise? _b _wE10 BR8302696 _gBrasilia, DF (Brasil), 1983. p. 181-221 |
|
| 909 |
_a202404 _bLucia _c55 _dLucia Elande |
||
| 942 |
_cAM _2AGRIS |
||
| 999 |
_c315972 _d315972 |
||